Statistics for CFL Grey Cup Champions

Click here to take the quiz!

General Stats

  • This quiz has been taken 37 times
  • The average score is 20 of 63

Answer Stats

YearLoserWinner% Correct
2021Tiger-CatsBlue Bombers
97%
2019Tiger-CatsBlue Bombers
97%
2018RedblacksStampeders
90%
2016StampedersRedblacks
74%
2017StampedersArgonauts
71%
2015RedblacksEskimos
68%
2013Tiger-CatsRoughriders
68%
2014Tiger-CatsStampeders
61%
2012StampedersArgonauts
61%
2011Blue BombersLions
58%
2010RoughridersAlouettes
52%
2007Blue BombersRoughriders
48%
2009RoughridersAlouettes
45%
2008AlouettesStampeders
42%
2005AlouettesEskimos
42%
2006AlouettesLions
39%
2003AlouettesEskimos
39%
1999StampedersTiger-Cats
39%
2004LionsArgonauts
35%
2002EskimosAlouettes
35%
2000AlouettesLions
35%
2001Blue BombersStampeders
32%
1998Tiger-CatsStampeders
32%
1989Tiger-CatsRoughriders
29%
1996EskimosArgonauts
26%
1982ArgonautsEskimos
26%
1995StampedersStallions
26%
1991StampedersArgonauts
26%
1997RoughridersArgonauts
26%
1988LionsBlue Bombers
26%
1987ArgonautsEskimos
26%
1979AlouettesEskimos
26%
1980Tiger-CatsEskimos
26%
1981Rough RidersEskimos
26%
1994Football ClubLions
23%
1990EskimosBlue Bombers
23%
1959Tiger-CatsBlue Bombers
19%
1978AlouettesEskimos
19%
1958Tiger-CatsBlue Bombers
19%
1983LionsArgonauts
19%
1985Tiger-CatsLions
19%
1986EskimosTiger-Cats
19%
1992Blue BombersStampeders
19%
1993Blue BombersEskimos
19%
1984IslandersBlue Bombers
16%
1960EskimosRough Riders
16%
1961Tiger-CatsBlue Bombers
16%
1962Tiger-CatsBlue Bombers
16%
1977EskimosAlouettes
16%
1976RoughridersRough Riders
16%
1966Rough RidersRoughriders
13%
1964Tiger-CatsLions
13%
1975AlouettesEskimos
13%
1970StampedersAlouettes
10%
1968StampedersRough Riders
10%
1963LionsTiger-Cats
10%
1973EskimosRough Riders
10%
1974EskimosAlouettes
10%
1969RoughridersRough Riders
10%
1971ArgonautsStampeders
6%
1972RoughridersTiger-Cats
6%
1967RoughridersTiger-Cats
6%
1965Blue BombersTiger-Cats
6%

Score Distribution

Percentile by Number Answered

Percent of People with Each Score

Your Score History

You have not taken this quiz